|
|
|
|
| LEADER |
00965nam a2200265 a 4500 |
| 001 |
15591 |
| 008 |
130620r20042003iaua b s001 0 eng d |
| 010 |
|
|
|a 2002009723
|
| 020 |
|
|
|a 0813813069 (alk. paper)
|
| 040 |
|
|
|a DLC
|c DLC
|d DLC
|d BD-DhAAL
|
| 082 |
0 |
0 |
|a 070.4/1
|2 21
|
| 100 |
1 |
|
|a Smith, Ron F.
|
| 245 |
1 |
0 |
|a Editing today /
|c Ron F. Smith, Loraine M. O'Connell.
|
| 250 |
|
|
|a 2nd ed.
|
| 260 |
|
|
|a Ames, Iowa :
|b Iowa State Press,
|c 2003 [reprinted 2004].
|
| 300 |
|
|
|a ix, 261 p. :
|b ill. ;
|c 25 cm.
|
| 504 |
|
|
|a Includes bibliographical references and index.
|
| 541 |
|
|
|e 15591
|
| 650 |
|
0 |
|a Copy editing.
|
| 650 |
|
0 |
|a Newspaper layout and typography.
|
| 650 |
|
0 |
|a Journalism
|x Data processing.
|
| 700 |
1 |
|
|a O'Connell, Loraine M.
|
| 852 |
1 |
|
|a Ayesha Abed Library
|j General shelf.
|
| 999 |
|
|
|c 13609
|d 13609
|
| 952 |
|
|
|0 0
|1 0
|4 0
|6 070_410000000000000_SMI
|7 0
|9 22778
|a BRACUL
|b BRACUL
|c GEN
|d 2013-06-23
|l 2
|m 7
|o 070.41 SMI
|p 3010015591
|r 2018-12-27
|s 2018-12-26
|t 1
|w 2013-06-23
|y BK
|